US Cities By Iconic Sites - Statistics

General Stats
  • This quiz has been taken 33 times
  • The average score is 9 of 10
Answer Stats
Picture Answer % Correct
New York
100%
Los Angeles
97%
San Francisco
97%
Seattle
97%
Philadelphia
94%
Washington DC
94%
Las Vegas
90%
St. Louis
87%
San Antonio
65%
New Orleans
35%
No matching quizzes found
Score Distribution
Percent of People with Each Score
Percentile by Number Answered
Your Score History
You have not taken this quiz